Ingeniería de Software /

Guardado en:
Autor Principal: Sommerville, Ian.
Formato: Libro
Idioma:Undetermined
Publicado: Madrid : Pearson Education, 2007.
Edición:7a ed.
Materias:
Etiquetas: Agregar Etiqueta
Sin Etiquetas, Sea el primero en etiquetar este registro!
LEADER 01436nam a22001935a 4500
001 CEM.cems020238
008 230630s2007####sp############000#0#und#d
005 20230802102326.0
245 1 0 |a Ingeniería de Software /  |c Ian Sommerville. 
250 |a 7a ed. 
260 |a Madrid :  |b Pearson Education,  |c 2007. 
300 |a 712 p. 
505 0 |a Ingeniería de software -- Sistemas socio-técnicos -- Sistemas críticos -- Procesos de software -- Gestión de proyectos -- Requerimientos de software -- Procesos de la ingeniería de requerimiento -- Modelos del sistema -- Especificación de sistemas críticos -- Especificación formal -- Diseño arquitectónico -- Arquitecturas de sistemas distribuidos -- Arquitecturas de aplicaciones -- Diseño orientado a objetos -- Diseño de software de tiempo real -- Diseño de interfaces de usuario -- Desarrollo -- Reutilización de software -- Ingeniería del software basada en componentes -- Desarrollo de sistemas críticos -- Evolución del software -- Verificación y validación -- Pruebas del software -- Validación de sistemas críticos -- Gestión de personal -- Estimación de costes de software -- Gestión de calidad -- Mejora de procesos -- Gestión de configuraciones -- 
100 1 |a Sommerville, Ian. 
653 |a Ingeniería del Software 
653 |a Programación 
653 |a Computación 
653 |a Informática 
859 |a CEMS  |b BIB. CEMS - 11 de abril  |h 001.642  |i So558  |p 29518.23  |t Ej.1